Curso de matemática en forma de problemas / (Record no. 67888)
[ view plain ]
| 000 -LEADER | |
|---|---|
| campo de control de longitud fija | 00681nam a2200205 i 4500 |
| 001 - NÚMERO DE CONTROL | |
| campo de control | 67888 |
| 003 - IDENTIFICADOR DE NÚMERO DE CONTROL | |
| campo de control | ES-MaACL |
| 005 - FECHA Y HORA DE LA ÚLTIMA TRANSACCIÓN | |
| campo de control | 20250903020534.0 |
| 007 - CAMPO FIJO DE DESCRIPCIÓN FÍSICA--INFORMACIÓN GENERAL | |
| campo de control de longitud fija | t| |
| 008 - DATOS DE LONGITUD FIJA--INFORMACIÓN GENERAL | |
| campo de control de longitud fija | 040216s1944 sp ||||1| spa d |
| 100 1# - ENTRADA PRINCIPAL--NOMBRE DE PERSONA | |
| Nombre de persona | Gallego Díaz, José. |
| 9 (RLIN) | 53559 |
| 245 10 - MENCIÓN DEL TÍTULO | |
| Título | Curso de matemática en forma de problemas / |
| Mención de responsabilidad, etc. | José Gallego Díaz ; prólogo de Antonio Flores de Lemus. |
| 260 ## - PUBLICACIÓN, DISTRIBUCIÓN, ETC. | |
| Lugar de publicación, distribución, etc. | Madrid : |
| Nombre del editor, distribuidor, etc. | Dossat, |
| Fecha de publicación, distribución, etc. | [1944] ( |
| Fabricante | Tip. Artística) |
| 300 ## - DESCRIPCIÓN FÍSICA | |
| Extensión | X, 332 p. : |
| Otras características físicas | il. ; |
| Dimensiones | 25 cm. |
| 650 04 - PUNTO DE ACCESO ADICIONAL DE MATERIA--TÉRMINO DE MATERIA | |
| Término de materia o nombre geográfico como elemento de entrada | Matemáticas- |
| Subdivisión de forma | Problemas |
| 9 (RLIN) | 14830 |
| 700 1# - ENTRADA AGREGADA--NOMBRE PERSONAL | |
| Nombre de persona | Flores de Lemus, Antonio. |
| 9 (RLIN) | 51277 |
| 852 ## - LOCALIZACIÓN | |
| Ubicación | ES-MaACL |
| Número de control de estantería | F-15955 |
| Sublocalización o colección | R.20690 |
| 852 ## - LOCALIZACIÓN | |
| Ubicación | ES-MaACL |
| Número de control de estantería | A-311 |
| Sublocalización o colección | R.36918 |
| Estatus retirado | Estado de pérdida | Estado de daño | No para préstamo | Biblioteca de origen | Biblioteca actual | Ubicación en estantería | Fecha de adquisición | Fuente de adquisición | Total de préstamos | Signatura topográfica completa | Código de barras | Visto por última vez | Precio de reemplazo | Tipo de ítem Koha |
|---|---|---|---|---|---|---|---|---|---|---|---|---|---|---|
| Biblioteca del Ateneo de Madrid | Biblioteca del Ateneo de Madrid | Sala Pecera Planta 1 | 17/01/2008 | A-311 | 1071074 | 23/02/2023 | 23/02/2023 | Libro impreso | ||||||
| Biblioteca del Ateneo de Madrid | Biblioteca del Ateneo de Madrid | Sala Pecera Planta 2 | 17/01/2008 | F-15955 | 1071073 | 23/02/2023 | 23/02/2023 | Libro impreso |
